[Event "Titled Tuesday intern op 07th Jun Late"]
[Site "Chess.com INT"]
[Date "2022.06.07"]
[Round "5"]
[White "Rubio Tent, Francisco"]
[Black "Arias Gaviria, Mario Alexis"]
[Result "0-1"]
[WhiteElo "2290"]
[BlackElo "2209"]
[PlyCount "76"]
[EventDate "2022.06.07"]
[EventType "swiss (blitz)"]
[EventRounds "11"]
[EventCountry "USA"]
[SourceTitle "CBM 208 Extra"]
[Source "ChessBase"]
[SourceDate "2022.07.31"]
[SourceVersion "1"]
[SourceVersionDate "2022.07.31"]
[SourceQuality "1"]

1. e4 Nf6 2. e5 Nd5 3. d4 d6 4. c4 Nb6 5. exd6 exd6 6. Nc3 g6 7. Bd3 Bg7 8. Nge2 Nc6 9. Be3 0-0 10. h3 f5 11. g3 g5 12. Qd2 f4 13. gxf4 gxf4 14. Bxf4 Nxd4 15. Nxd4 Bxd4 16. Bxh7+ Kxh7 17. Qxd4 Qh4 18. Rg1 Rf7 19. Ne2 Bf5 20. 0-0-0 Re8 21. Be3 Re4 22. Qd2 Rxc4+ 23. Nc3 Na4 24. Qd5 Rxc3+ 25. bxc3 Qf6 26. Bd4 Qh6+ 27. Be3 Qe6 28. Qxe6 Bxe6 29. Kc2 a6 30. Ra1 b5 31. h4 c5 32. Rg2 Bf5+ 33. Kd2 Be4 34. Rh2 Nb2 35. h5 Nc4+ 36. Ke2 Bf3+ 37. Ke1 Rf5 38. h6 Rf6 0-1

[Event "American Continental 16th"]
[Site "San Salvador"]
[Date "2022.05.07"]
[Round "8"]
[White "Arias Gaviria, Mario Alexis"]
[Black "Guevara Sanchez, Erick Marvin"]
[Result "1-0"]
[WhiteElo "2181"]
[BlackElo "2090"]
[PlyCount "48"]
[EventDate "2022.05.02"]
[EventType "swiss"]
[EventRounds "11"]
[EventCountry "ESA"]
[SourceTitle "CBM 208 Extra"]
[Source "ChessBase"]
[SourceDate "2022.07.31"]
[SourceVersion "1"]
[SourceVersionDate "2022.07.31"]
[SourceQuality "1"]

1. d4 f5 2. Nh3 Nf6 3. c4 e6 4. g3 d5 5. Bg2 c6 6. Qc2 Qb6 7. cxd5 exd5 8. Nc3 Qxd4 9. Be3 Qb4 10. 0-0-0 Na6 11. Rhe1 Be7 12. f3 0-0 13. Nf4 Qa5 14. h4 Bc5 15. Bxc5 Qxc5 16. e3 Re8 17. Qd2 Nc7 18. Kb1 Nb5 19. Na4 Qf8 20. Bf1 Nd6 21. Nc3 Qf7 22. Qg2 Nh5 23. Nxh5 Qxh5 24. Bd3 Qf7 1-0